<?xml version="1.0" encoding="UTF-8"?>
<record
    xmlns:xsi="http://www.w3.org/2001/XMLSchema-instance"
    xsi:schemaLocation="http://www.loc.gov/MARC21/slim http://www.loc.gov/standards/marcxml/schema/MARC21slim.xsd"
    xmlns="http://www.loc.gov/MARC21/slim">

  <leader>01355nam0a2200325   4500</leader>
  <controlfield tag="001">RU\NLR\bibl\566689</controlfield>
  <controlfield tag="005">20250609163929.0</controlfield>
  <datafield tag="010" ind1=" " ind2=" ">
    <subfield code="a">5-900761-33-9</subfield>
    <subfield code="9">500</subfield>
  </datafield>
  <datafield tag="021" ind1=" " ind2=" ">
    <subfield code="a">RU</subfield>
    <subfield code="b">2004-54537</subfield>
    <subfield code="9">2675</subfield>
  </datafield>
  <datafield tag="035" ind1=" " ind2=" ">
    <subfield code="a">(NLR Aleph) 000558778</subfield>
  </datafield>
  <datafield tag="090" ind1=" " ind2=" ">
    <subfield code="a">1519013</subfield>
    <subfield code="c">1519013</subfield>
  </datafield>
  <datafield tag="100" ind1=" " ind2=" ">
    <subfield code="a">20041025d2004    |||y0rusy50      ca</subfield>
  </datafield>
  <datafield tag="101" ind1="0" ind2=" ">
    <subfield code="a">rus</subfield>
  </datafield>
  <datafield tag="102" ind1=" " ind2=" ">
    <subfield code="a">RU</subfield>
  </datafield>
  <datafield tag="105" ind1=" " ind2=" ">
    <subfield code="a">a   |||||||||</subfield>
  </datafield>
  <datafield tag="200" ind1="1" ind2=" ">
    <subfield code="a">&#x42D;&#x43D;&#x446;&#x438;&#x43A;&#x43B;&#x43E;&#x43F;&#x435;&#x434;&#x438;&#x44F; &#x430;&#x433;&#x440;&#x43E;&#x43B;&#x435;&#x441;&#x43E;&#x43C;&#x435;&#x43B;&#x438;&#x43E;&#x440;&#x430;&#x446;&#x438;&#x438;</subfield>
    <subfield code="f">&#x421;&#x43E;&#x441;&#x442;. &#x438; &#x433;&#x43B;. &#x440;&#x435;&#x434;. &#x415;.&#x421;. &#x41F;&#x430;&#x432;&#x43B;&#x43E;&#x432;&#x441;&#x43A;&#x438;&#x439;</subfield>
  </datafield>
  <datafield tag="210" ind1=" " ind2=" ">
    <subfield code="a">&#x412;&#x43E;&#x43B;&#x433;&#x43E;&#x433;&#x440;&#x430;&#x434;</subfield>
    <subfield code="c">&#x412;&#x41D;&#x418;&#x410;&#x41B;&#x41C;&#x418;</subfield>
    <subfield code="d">2004</subfield>
  </datafield>
  <datafield tag="215" ind1=" " ind2=" ">
    <subfield code="a">674,[2] &#x441;.</subfield>
    <subfield code="c">&#x438;&#x43B;., &#x446;&#x432;. &#x438;&#x43B;., &#x43F;&#x43E;&#x440;&#x442;&#x440;., &#x43A;&#x430;&#x440;&#x442;.</subfield>
    <subfield code="d">25</subfield>
  </datafield>
  <datafield tag="320" ind1=" " ind2=" ">
    <subfield code="a">&#x411;&#x438;&#x431;&#x43B;&#x438;&#x43E;&#x433;&#x440;.: &#x441;. 648-655 (306 &#x43D;&#x430;&#x437;&#x432;.) &#x438; &#x432; &#x43A;&#x43E;&#x43D;&#x446;&#x435; &#x441;&#x43B;&#x43E;&#x432;. &#x441;&#x442;.</subfield>
  </datafield>
  <datafield tag="320" ind1=" " ind2=" ">
    <subfield code="a">&#x423;&#x43A;&#x430;&#x437;&#x430;&#x442;&#x435;&#x43B;&#x438;: &#x418;&#x43C;&#x435;&#x43D;., &#x43F;&#x440;&#x435;&#x434;&#x43C;., &#x440;&#x430;&#x441;&#x442;&#x435;&#x43D;&#x438;&#x439;, &#x43D;.-&#x438;. &#x43E;&#x440;&#x433;. &#x438; &#x432;&#x443;&#x437;&#x43E;&#x432;, &#x43D;&#x430;&#x443;&#x447;.-&#x43F;&#x440;&#x43E;&#x438;&#x437;&#x432;. &#x43E;&#x431;&#x44A;&#x435;&#x43A;&#x442;&#x43E;&#x432;: &#x441;. 656-674</subfield>
  </datafield>
  <datafield tag="606" ind1="0" ind2=" ">
    <subfield code="a">&#x410;&#x433;&#x440;&#x43E;&#x43B;&#x435;&#x441;&#x43E;&#x43C;&#x435;&#x43B;&#x438;&#x43E;&#x440;&#x430;&#x446;&#x438;&#x44F;</subfield>
    <subfield code="j">&#x42D;&#x43D;&#x446;&#x438;&#x43A;&#x43B;&#x43E;&#x43F;&#x435;&#x434;&#x438;&#x438;</subfield>
    <subfield code="9">897249</subfield>
    <subfield code="3">RU\NLR\auth\665390</subfield>
  </datafield>
  <datafield tag="686" ind1=" " ind2=" ">
    <subfield code="a">&#x41F;347&#x44F;20</subfield>
  </datafield>
  <datafield tag="702" ind1=" " ind2="1">
    <subfield code="4">220</subfield>
    <subfield code="a">&#x41F;&#x430;&#x432;&#x43B;&#x43E;&#x432;&#x441;&#x43A;&#x438;&#x439;</subfield>
    <subfield code="b">&#x415;. &#x421;.</subfield>
    <subfield code="c">&#x434;-&#x440; &#x441;.-&#x445;. &#x43D;&#x430;&#x443;&#x43A;</subfield>
    <subfield code="f">1923-</subfield>
    <subfield code="g">&#x415;&#x432;&#x433;&#x435;&#x43D;&#x438;&#x439; &#x421;&#x435;&#x43C;&#x435;&#x43D;&#x43E;&#x432;&#x438;&#x447;</subfield>
    <subfield code="9">132811</subfield>
    <subfield code="3">RU\NLR\AUTH\770132845</subfield>
  </datafield>
  <datafield tag="801" ind1=" " ind2="0">
    <subfield code="a">RU</subfield>
    <subfield code="b">NLR</subfield>
    <subfield code="c">20041025</subfield>
    <subfield code="g">PSBO</subfield>
  </datafield>
  <datafield tag="801" ind1=" " ind2="1">
    <subfield code="a">RU</subfield>
    <subfield code="b">NLR</subfield>
    <subfield code="c">20041025</subfield>
  </datafield>
  <datafield tag="830" ind1=" " ind2=" ">
    <subfield code="a">&#x421;&#x43E;&#x441;&#x442;. &#x43F;&#x43E; &#x43A;&#x43D;</subfield>
  </datafield>
  <datafield tag="942" ind1=" " ind2=" ">
    <subfield code="c">BOOK</subfield>
  </datafield>
  <datafield tag="980" ind1=" " ind2=" ">
    <subfield code="a">NB</subfield>
  </datafield>
  <datafield tag="995" ind1=" " ind2=" ">
    <subfield code="5">2004-10-25</subfield>
    <subfield code="a">ad</subfield>
    <subfield code="b">NLR01</subfield>
    <subfield code="c">NLR01</subfield>
    <subfield code="e">CSB</subfield>
    <subfield code="f">1-672287</subfield>
    <subfield code="k">&#x421; 2004-3/109</subfield>
    <subfield code="o">0</subfield>
    <subfield code="r">BOOK</subfield>
    <subfield code="s">_20043109</subfield>
  </datafield>
  <datafield tag="995" ind1=" " ind2=" ">
    <subfield code="5">2004-10-25</subfield>
    <subfield code="a">ad</subfield>
    <subfield code="b">NLR01</subfield>
    <subfield code="c">NLR01</subfield>
    <subfield code="e">CSB</subfield>
    <subfield code="f">1-672291</subfield>
    <subfield code="k">&#x421; 2004-3/109</subfield>
    <subfield code="o">0</subfield>
    <subfield code="r">BOOK</subfield>
    <subfield code="s">_20043109</subfield>
  </datafield>
</record>
